Metáforas orientacionales en la terminología económica española y sus equivalentes eslovacos

Rozbor metaforických pojmov, súvisiacich s priestorovou orientáciou a zisťovanie, ktoré zdrojové domény sú najčastejšie. Okrem charakterizácie, zoskupovania a klasifikácie metaforických orientačných pojmov, určenie miery preneseného významu slovenských ekvivalentov.

Salvato in:
Dettagli Bibliografici
Autore principale: Pavliková, Želmíra, 1979-
Natura: Capitolo di libro
Lingua:spagnolo
Soggetti:
Tags: Aggiungi Tag
Nessun Tag, puoi essere il primo ad aggiungerne!!

MARC

LEADER 00000naa a2200000 4500
001 0298244
005 20240502084006.6
041 0 |a spa 
044 |a ES 
245 1 0 |a Metáforas orientacionales en la terminología económica española y sus equivalentes eslovacos  |c Želmíra Pavliková 
520 |a Rozbor metaforických pojmov, súvisiacich s priestorovou orientáciou a zisťovanie, ktoré zdrojové domény sú najčastejšie. Okrem charakterizácie, zoskupovania a klasifikácie metaforických orientačných pojmov, určenie miery preneseného významu slovenských ekvivalentov. 
610 2 0 |a jazykoveda 
610 2 0 |a jazyky cudzie 
610 2 0 |a španielčina 
610 2 0 |a slovenčina 
610 2 0 |a pojmy 
610 2 0 |a ekonómia 
610 2 0 |a terminológia 
100 1 |a Pavliková, Želmíra, 1979-